书目信息 |
| 题名: |
论按劳分配
|
|
| 作者: | 徐节文 著 | |
| 分册: | ||
| 出版信息: | 北京 中国社会科学出版社 1982 |
|
| 页数: | 448页 | |
| 开本: | 19cm | |
| 丛书名: | ||
| 单 册: | ||
| 中图分类: | F046 | |
| 科图分类: | ||
| 主题词: | 各尽所能,按劳分配--理论 , 社会主义社会--生产方式 | |
| 电子资源: | ||
| ISBN: | ||
| 000 | 00632nam0 2200241 45 | |
| 001 | 0182008326 | |
| 005 | 20060630084748.29 | |
| 010 | @dCNY1.35 | |
| 091 | @a4190.120 | |
| 100 | @a19950524d1982 em y0chiy0121 ea | |
| 101 | 0 | @achi |
| 102 | @aCN@b110000 | |
| 105 | @ay z 000yy | |
| 200 | 10 | @a论按劳分配@Alun an lao fen pei@f徐节文著 |
| 210 | @a北京@c中国社会科学出版社@d1982 | |
| 215 | @a448页@d19cm | |
| 606 | @a各尽所能,按劳分配@x理论 | |
| 606 | 0 | @a社会主义社会@x生产方式 |
| 690 | @aF046@v4 | |
| 701 | 0 | @a徐节文@Axu jie wen@4著 |
| 801 | 0 | @aCN@b上海图书馆@c20060630 |
| 801 | 2 | @aCN@bNLC@c20060630 |
| 905 | @dF046@e28 | |
| 论按劳分配/徐节文著.-北京:中国社会科学出版社,1982 |
| 448页;19cm |
| ISBN :CNY1.35 |
| ● |
| 相关链接 |
|
|
|
|
正题名:论按劳分配
索取号:F046/28
 
预约/预借
| 序号 | 登录号 | 条形码 | 馆藏地/架位号 | 状态 | 备注 |
| 1 | 0084019 | 001522668 | 密集书库/ [索取号:F046/28] | 在馆 | |
| 2 | 0084021 | 000192035 | 第一样本阅览室/ [索取号:F046/28] | 在馆 | |
| 3 | 0084024 | 001522677 | 密集书库/ [索取号:F046/28] | 在馆 | |
| 4 | 0421689 | 204216892 | 密集书库/ [索取号:F046/28] | 在馆 | |
| 5 | 0422055 | 204220556 | 密集书库/ [索取号:F046/28] | 在馆 |